00805cam a2200229 45000010008000000030004000080050017000120080041000290100017000700400019000870430012001060500020001180820021001381000028001592450076001872600102002633000011003653500012003765000111003885040030004996510046005292279197OSt20200519140035.0720918r1971 ii b b 001 0 eng  a 78924271  aDLCcoclcdDLC aa-ii---00aJQ224b.Q7 197100a352.05456bQUR/A aQureshi, Ishtiaq Husain14aThe administration of the Sultanate of Delhi /cIshtiaq Husain Qureshi aNew Delhi,bOriental Books Reprint Corp.; exclusively distributed by Munshiram Manoharlalc[1971] a313 p. aRs25.00 a"Substantially the thesis approved for the degree of Doctor of Philosophy by the University of Cambridge." aBibliography: p. 265-295. 0aIndiaxPolitics and governmenty997-1765.